000 02202cam a2200361 i 4500
001 768714001
003 CO-MdFUSB
005 20220701154101.0
007 ta
008 160822t2012 -us |||| |||| 00| 0 eng d
020 _a9780801031076
040 _bEspañol
_cCO-MdFUSB
_dCO-MdFUSB
_erda
_aCO-MdFUSB
041 _aeng
082 _224
_a223.1
_bL85b
100 1 _aLongman III, Tremper
_eautor
245 0 0 _aJob
_c/ Tremper Longman III, autor y editor
264 1 _aGrand Rapids, Michigan :
_bBaker Academic,
_c[2012]
264 4 _c© 2012
300 _a491 páginas
_c; 24 cm
336 _2rdacontent
_atexto
_btxt
337 _2rdamedia
_asin mediación
_bn
338 _2rdacarrier
_avolumen
_bnc
490 _aBaker Commentary on the Old Testament.
501 _aPasta dura
505 _aEl prólogo: el sufrimiento y la paciencia de Job (1,1-2,13) ​​-- El lamento de Job (3,1-26) -- El debate entre Job y sus tres amigos (4,1-27,23) -- Monólogo de Job (28:1-31:40) -- Discurso de Eliú (32:1-37:24) -- Discursos de Yahweh y respuestas de Job (38:1-42:6) -- Restauración de Job (42:7-17 ).
520 _a"En este volumen final de la serie Baker Commentary on the Old Testament Wisdom and Psalms, Tremper Longman ofrece un comentario accesible sobre uno de los libros más intrigantes de las Escrituras. Con su hábil habilidad exegética y expositiva, el trabajo resultante está lleno de una nueva visión de la significado del texto. Además de la útil traducción y comentario, este volumen considera las implicaciones teológicas de los textos de sabiduría que se encuentran en el libro de Job, así como sus dimensiones literarias, históricas y gramaticales. Las notas al pie tratan muchos de los asuntos técnicos. , permitiendo a los lectores de diversos intereses y niveles de formación leer y beneficiarse del comentario y participar en el texto bíblico en un nivel apropiado. Esta versatilidad incorporada tiene aplicación tanto para pastores como para maestros".
563 _aPasta dura
630 0 7 _aBiblia.
_pNuevo Testamento
630 7 _aBiblia.
_pJob
_xCrítica, interpretación, etc.
942 _cREF
945 _aJTF-925
999 _c46819
_d46819